7194 - Statistics

General Stats
  • This quiz has been taken 4 times
  • The average score is 5 of 13
Answer Stats
Question Answer % Correct
Which countries have Polar Bears? USA, Norway, Russia, Denmark (Greenland), Canada
100%
Ranked top 2 in most advanced infrastructure Germany, Japan
75%
This country is the fifth largest island, slightly larger than France, twice the size of the state of Arizona, what is it? Madagascar
75%
Which country has three capitals? South Africa
75%
Country containing the most parrot species Brazil
50%
What 2 countries have the longest living turtle species? Ecuador (Galapagos Islands), Seychelles
25%
Last country to abolish slavery (1981)? Mauritania
25%
Countries with the lowest natural disaster risk (Top 5) Monaco, San Marino, Sao Tome and Principe, Luxembourg, Andorra
25%
Which country is the only country with a bible on its flag? Dominican Republic
0%
Countries with the lowest average IQ in 2024 (top 3) Nepal, Sierra Leone, Liberia
0%
Last country to allow women to vote (2015) Saudi Arabia
0%
What last remaining sovereign nation does not have a national soccer team? The Marshall Islands
0%
Which country's president banned all colored cars from the capital city and only allow white cars to commute? (Hint: Asia) Turkmenistan
0%
No matching quizzes found
Score Distribution
Percent of People with Each Score
Percentile by Number Answered
Your Score History
You have not taken this quiz